| 000 | 01756cam a22004457a 4500 | ||
|---|---|---|---|
| 001 | 000093179 | ||
| 003 | CHAP | ||
| 005 | 20230629062635.0 | ||
| 008 | 040223d2004 mx r 00110 spa d | ||
| 010 | _a89645 | ||
| 011 | _a90617 | ||
| 035 | _a101173 | ||
| 040 | _cCHAP | ||
| 090 | _aTesis | ||
| 100 | 0 | 0 |
_aMarín León, Juan Luis. _971498 |
| 245 | 1 | 4 |
_aControl biológico del tizón temprano de la papa Alternaria solani (Ellis y Martin ) Jones y Grout, utilizando la cepa CAE-01 de Erwinia tracheiphila, en invernadero, Chapingo, Estado de México / _c/por Juan Luis, Marín León. |
| 260 |
_aChapingo, Méx. : _bEl autor, _c2004. |
||
| 300 |
_a44 h. : _bilus.; gráfs.; cuadros. |
||
| 502 | _aTesis (Ing. Agr. Esp. en Parasitología Agrícola ) -- UACH. Departamento de Parasitología Agrícola | ||
| 590 |
_aALEPH _b10 _c20130110 _lUCH01 _h1504 |
||
| 590 |
_aBATCH-UPD _b10 _c20130110 _lUCH01 _h0803 |
||
| 590 |
_aBATCH-UPD _b10 _c20130410 _lUCH01 _h0441 |
||
| 590 |
_aBATCH-UPD _b10 _c20130914 _lUCH01 _h0302 |
||
| 590 |
_aBATCH-UPD _b10 _c20140324 _lUCH01 _h1449 |
||
| 590 |
_aBATCH-UPD _b10 _c20141002 _lUCH01 _h0825 |
||
| 590 |
_aCONVERSION _b10 _c20130109 _lUCH01 _h1350 |
||
| 590 |
_aE12093SGE _b10 _c20130619 _lUCH01 _h1422 |
||
| 650 | 1 | 4 | _aAlternaria solani. |
| 650 | 1 | 4 |
_aAntagonismo (Microorganismos) _96023 |
| 650 | 1 | 4 |
_aControl biológico de enfermedades. _927579 |
| 650 | 1 | 4 |
_aErwinia tracheiphila. _937363 |
| 650 | 1 | 7 |
_aPapas _xEnfermedades _2 _985227 |
| 856 |
_3Finding aid _uhttp://10.13.5.2/tesis/101173.pdf _zTeclea aquí |
||
| 901 | _aBK | ||
| 905 | _aElisama A. H. | ||
| 942 | _cCD | ||
| 942 | _n0 | ||
| 949 |
_aTesis _bBC _cTES _d101173 _eTS1 _h42986 _i101173 _sb |
||
| 949 |
_aTesis _bBC _cTES _d33724000930665 _eTS2 _fc.2 _h42987 _i101173 _sb |
||
| 999 |
_c89645 _d89645 |
||